ბათუმის შოთა რუსთაველის სახელმწიფო უნივერსიტეტის ბიბლიოთეკა

ვინ მიამბობს ზღაპარს (ბიბ.ჩანაწერი № 43199)

000 -LEADER
fixed length control field 00734nam a2200217Ia 4500
001 - CONTROL NUMBER
control field 9924
003 - CONTROL NUMBER IDENTIFIER
control field GE_BSU
008 - FIXED-LENGTH DATA ELEMENTS--GENERAL INFORMATION
fixed length control field 181216s||||||||xx |||||||||||||| ||und||
040 ## - CATALOGING SOURCE
Transcribing agency GE_BSU
080 ## - UNIVERSAL DECIMAL CLASSIFICATION NUMBER
Universal Decimal Classification number 82-93
100 ## - MAIN ENTRY--PERSONAL NAME
Personal name ნუცუბიძე,ლილი
245 ## - TITLE STATEMENT
Title ვინ მიამბობს ზღაპარს
245 ## - TITLE STATEMENT
Remainder of title ლექსები სკოლამდელთათვის
245 ## - TITLE STATEMENT
Statement of responsibility, etc. რედ.ი.ორჯონიკიძე.მხატვ:ილია უთურაშვილი
260 ## - PUBLICATION, DISTRIBUTION, ETC.
Place of publication, distribution, etc. თბილისი
260 ## - PUBLICATION, DISTRIBUTION, ETC.
Name of publisher, distributor, etc. Юрайт
260 ## - PUBLICATION, DISTRIBUTION, ETC.
Date of publication, distribution, etc. 1969
300 ## - PHYSICAL DESCRIPTION
Extent 16გვ.22სმ.
653 ## - INDEX TERM--UNCONTROLLED
Uncontrolled term ვინ მიამბობს ზღაპარს
942 ## - ADDED ENTRY ELEMENTS (KOHA)
Koha item type წიგნი
ეგზემპლარები
Withdrawn status Lost status Damaged status Not for loan Date acquired Barcode Date last seen Price effective from Koha item type
        2018-12-17 33048 2018-12-17 2018-12-17 წიგნი
        2018-12-17 33049 2018-12-17 2018-12-17 წიგნი